000 00615nam a22002177a 4500
003 UA-OsUOA
001 58123
007 ta
008 20090127b un ||||| |||| 00| 0 ukr d
100 _aОдинцова А.
090 _a330
_bО-42
942 _cSA
040 _aUA-OsUOA
_brus
_cUA-OsUOA
_dUA-OsUOA
245 _aФранцузские регуляционисты о финансовой домининте современной экономики
300 _aС,46-60 с.
955 _a0
041 _arus
080 _a330
773 0 _w58121
650 7 _a330 Економіка взагалі
_2UDC
999 _c344206
_d344206